ARRUPE JESUIT UNIVERSITY

CORONAVIRUS -STOP THE SPREAD - CLEAN,DISINFECT,COVER

After the spirit : (Record no. 119879)

MARC details
000 -LEADER
fixed length control field 01199cam a2200349 a 4500
001 - CONTROL NUMBER
control field 5685252
003 - CONTROL NUMBER IDENTIFIER
control field ARRUPE
005 - DATE AND TIME OF LATEST TRANSACTION
control field 20140203125917.0
008 - FIXED-LENGTH DATA ELEMENTS--GENERAL INFORMATION
fixed length control field 060519r20062005enkaf b 001 0 eng
015 ## - NATIONAL BIBLIOGRAPHY NUMBER
National bibliography number GBA588047
Source bnb
016 7# - NATIONAL BIBLIOGRAPHIC AGENCY CONTROL NUMBER
Record control number 013315373
Source Uk
020 ## - INTERNATIONAL STANDARD BOOK NUMBER
International Standard Book Number 0334040469 (pbk.)
024 3# - OTHER STANDARD IDENTIFIER
Standard number or code 9780334040460
035 ## - SYSTEM CONTROL NUMBER
System control number (OCoLC)ocm62132548
035 ## - SYSTEM CONTROL NUMBER
System control number (NNC)5685252
040 ## - CATALOGING SOURCE
Original cataloging agency UKM
Transcribing agency UKM
Modifying agency BWKUK
050 04 - LIBRARY OF CONGRESS CALL NUMBER
Classification number BT123
Item number .R64 2006
082 04 - DEWEY DECIMAL CLASSIFICATION NUMBER
Classification number 231.3
Edition number 22
300 ## - PHYSICAL DESCRIPTION
Other physical details col. ill. ;
Dimensions 24 cm.
100 1# - MAIN ENTRY--PERSONAL NAME
Personal name Rogers, Eugene F.
9 (RLIN) 7703
245 10 - TITLE STATEMENT
Title After the spirit :
Remainder of title a constructive pneumatology from resources outside the modern west /
Statement of responsibility, etc Eugene F. Rogers, Jr.
260 ## - PUBLICATION, DISTRIBUTION, ETC. (IMPRINT)
Place of publication, distribution, etc London :
Name of publisher, distributor, etc SCM,
Date of publication, distribution, etc 2006.
300 ## - PHYSICAL DESCRIPTION
Extent xi, 251 p., [8] p. of plates :
490 1# - SERIES STATEMENT
Series statement Radical traditions
500 ## - GENERAL NOTE
General note "First published in the United States in 2005 by Wm. B. Eerdmans Publishing Co., Michigan"--T.p. verso.
504 ## - BIBLIOGRAPHY, ETC. NOTE
Bibliography, etc Includes bibliographical references (p. 223-243) and indexes.
650 #0 - SUBJECT ADDED ENTRY--TOPICAL TERM
Topical term or geographic name as entry element Holy Spirit
General subdivision Procession.
9 (RLIN) 7704
650 #0 - SUBJECT ADDED ENTRY--TOPICAL TERM
Topical term or geographic name as entry element Holy Spirit
General subdivision Biblical teaching.
9 (RLIN) 7705
830 #0 - SERIES ADDED ENTRY--UNIFORM TITLE
Uniform title Radical traditions.
9 (RLIN) 7706
942 ## - ADDED ENTRY ELEMENTS (KOHA)
Source of classification or shelving scheme Library of Congress Classification
Koha item type Monograph ( Printed materials)
948 1# - LOCAL PROCESSING INFORMATION (OCLC); SERIES PART DESIGNATOR (RLIN)
Series part designator, SPT (RLIN) 20060810
b (OCLC) c
c (OCLC) dc21
d (OCLC) MPS
Holdings
Withdrawn status Lost status Source of classification or shelving scheme Damaged status Not for loan Collection code Home library Current library Shelving location Date acquired Total Checkouts Full call number Barcode Date last seen Price effective from Koha item type
    Library of Congress Classification     Main Collection ARRUPE LIBRARY ARRUPE LIBRARY Main Collection 03/02/2014   BT123 .R64 2006 46411973 11/01/2017 03/02/2014 Monograph ( Printed materials)

 

Arrupe Library. PO Box MP320 Mt Pleasant, Harare, Zimbabwe
263 242 745411|librarian@aju.ac.zw